"I live, yet not I": (Record no. 5684)

000 -LEADER
fixed length control field 00652nam a2200181 a 4500
001 - CONTROL NUMBER
control field :::00003426$&:&@@
003 - CONTROL NUMBER IDENTIFIER
control field OkBaRHE
005 - DATE AND TIME OF LATEST TRANSACTION
control field 20000607103305.0
008 - FIXED-LENGTH DATA ELEMENTS--GENERAL INFORMATION
fixed length control field j 000 0 eng u
040 ## - CATALOGING SOURCE
Transcribing agency
100 1# - MAIN ENTRY--PERSONAL NAME
Personal name Goodman, George, 1886-
245 11 - TITLE STATEMENT
Title "I live, yet not I":
Remainder of title God's open secret of liberty from the guilt, reign, and fruit of sin.
260 ## - PUBLICATION, DISTRIBUTION, ETC. (IMPRINT)
Place of publication, distribution, etc London, UK:EN., :
Name of publisher, distributor, etc Pickering and Inglis
Date of publication, distribution, etc nd
300 ## - PHYSICAL DESCRIPTION
Extent 95 p. ;
Dimensions 18 cm.
650 ## - SUBJECT ADDED ENTRY--TOPICAL TERM
Topical term or geographic name as entry element Bible New Testament Romans 5-8
General subdivision Criticism, Interpretation, etc.
942 ## - ADDED ENTRY ELEMENTS (KOHA)
Source of classification or shelving scheme
Koha item type Books
Copies
Permanent Location Lost status Shelving location Date checked out Copy number Source of classification or shelving scheme Date last seen Damaged status Current Location Price effective from Barcode Total Checkouts Koha item type Not for loan Total Renewals Withdrawn status Date acquired Full call number
RHEMA Bible Training College General Stacks2011-11-161 2018-03-28 RHEMA Bible Training College2010-04-1434261Books 1 2010-04-14BS 2665 .G572